00469 a2200169 450000100060000002000150000604000220002110000210004324000310006424500260009530000080012136200090012965000250013894200070016395201120017099900170028261144 a8590099415 cAnchieta - Pituba aCalheira, Gileno10aA zebra que deu certolpor10aA zebra que deu certo a1020 a2000 4aCrônica brasileira cBK 00104070a91.1b91.1d2023-11-21l0o869.98 C152z CAL ZEBp13053/PITr2023-11-21 18:29:16w2023-11-21yBK c61144d61144